| 000 | 01165nam a2200313 i 4500 | ||
|---|---|---|---|
| 001 | 000002733 | ||
| 003 | DO-SdBNP | ||
| 005 | 20241029143428.0 | ||
| 007 | ta | ||
| 008 | 090703s1999 dr ac r 000 0 spa d | ||
| 040 |
_aDO-SdBNP _bspa _cBNPHU _erda |
||
| 082 |
_a331.88 _bK96j _222 |
||
| 100 | 1 |
_aKunhardt, Bolivar _eautor _98608 |
|
| 245 | 1 | 0 |
_aJosé Eugenio Kunhardt : _bla audacia al servicio de la patria / _cBolivar Kunhardt ; prólogo Sebastián Rodríguez Lora ; palabras German Emilio Ornes C. |
| 264 |
_aSanto Domingo : _bTaller, _c1999. |
||
| 300 |
_a190 páginas : _bilustraciones., retratos. ; _c23 cm. |
||
| 336 |
_ardacontent _btexto _2txt |
||
| 337 |
_ardamedia _bsin mediación _2n |
||
| 338 |
_ardacarrier _bvolumen _2nc |
||
| 500 | _aIncluye notas al pie de las páginas y referencias bibliográficas | ||
| 500 | _aIncluye índice | ||
| 590 | _aInventariado, 2024/DG | ||
| 650 | 4 |
_aKunhardt, josé eugenio, _y1865-1928 _98609 |
|
| 650 | 4 |
_aMovimiento obrero _zRepública Dominicana _98610 |
|
| 700 | 1 |
_aRodríguez Lora, Sebastián, _eprólogo _98611 |
|
| 700 | 1 |
_aOrnes Coiscou, Germán E., _d1919-1998 _957814 |
|
| 910 | _aDG | ||
| 942 |
_2ddc _cLBS1 |
||
| 999 |
_c2567 _d2567 |
||